[Event "AUTO-OPEN-4277"]
[Site "http://www.queenalice.com/game.php?id=1758075"]
[Date "2021.4.30"]
[Round "1"]
[White "jamdeg00"]
[Black "Savage_king"]
[Result "0-1"]
[WhiteElo "1263"]
[BlackElo "2159"]

1. e4 d6 2. Nc3 c6 3. d4 Nd7 4. d5 Qc7 5. Bd2 Ngf6 6. f3 e5 7. Qe2 Be7 8. Qe3
O-O 9. O-O-O a6 10. h4 Nh5 11. Nge2 f5 12. Rg1 f4 13. Qf2 Qb6 14. Qxb6 Nxb6 15.
g3 fxg3 16. Nxg3 Nxg3 17. Rxg3 Bxh4 18. Rg2 Rxf3 19. Bh6 Rg3 20. Rxg3 Bxg3 21.
Bg5 c5 22. Be2 Bd7 23. Rg1 Bf4+ 24. Bxf4 exf4 25. Rf1 g5 26. Rg1 h6 27. Bf3 Nc4
28. Ne2 Ne3 29. Nxf4 Rf8 30. Kd2 Nc4+ 31. Kc1 Rxf4 0-1

[Event "Challenge"]
[Site "http://www.queenalice.com/game.php?id=1758388"]
[Date "2021.5.3"]
[Round "-"]
[White "zatara123"]
[Black "jamdeg00"]
[Result "0-1"]
[WhiteElo "1359"]
[BlackElo "1261"]

1. e3 e5 2. Bc4 Qh4 3. Na3 c6 4. Qf3 d5 5. g3 Qe7 6. Bd3 e4 7. Bxe4 dxe4 8. Qf4
g5 9. Qxb8 Rxb8 10. Nc4 Be6 11. Na3 Nf6 0-1

[Event "Invitation"]
[Site "http://www.queenalice.com/game.php?id=1758783"]
[Date "2021.5.6"]
[Round "-"]
[White "jenyasm"]
[Black "jamdeg00"]
[Result "1-0"]
[WhiteElo "1627"]
[BlackElo "1121"]

1. e4 e5 2. Nf3 Nc6 3. Bb5 Qf6 4. d3 a6 5. Bxc6 dxc6 6. Bg5 Qg6 7. g3 f5 8. exf5
Qxf5 9. Qe2 Bd6 10. Nbd2 h6 11. Be3 Be6 12. b3 Qf6 13. O-O-O Ne7 14. h4 Rf8 15.
Rdg1 Nd5 16. Ne4 Ba3+ 17. Kd2 Qe7 18. c3 b5 19. b4 a5 20. Bc5 Qd7 21. Bxf8 Kxf8
22. Nxe5 Qe8 23. Nc5 axb4 24. Nxe6+ Kg8 25. Nd4 bxc3+ 26. Kc2 Ra4 27. Ndxc6 Ra6
28. Qe4 Qe6 29. Rb1 Nb4+ 30. Nxb4 Ra4 31. Qd5 Qxd5 32. Nxd5 b4 33. Nc4 1-0

[Event "Challenge"]
[Site "http://www.queenalice.com/game.php?id=1759787"]
[Date "2021.5.17"]
[Round "-"]
[White "jamdeg00"]
[Black "jenyasm"]
[Result "1-0"]
[WhiteElo "1155"]
[BlackElo "1630"]

1. e4 e5 2. Nf3 Nc6 3. Bb5 a6 4. Bxc6 bxc6 5. Nxe5 Qe7 6. d4 c5 7. O-O d6 8. Nc4
Bb7 9. f3 cxd4 10. Qxd4 c6 11. Qb6 d5 12. Na5 Rb8 13. Bf4 Qc5+ 14. Qxc5 Bxc5+
15. Kh1 Rd8 16. Nxb7 Bd4 17. c3 Rd7 18. Nd6+ Ke7 19. Nf5+ Kf8 20. cxd4 1-0

[Event "Invitation"]
[Site "http://www.queenalice.com/game.php?id=1760411"]
[Date "2021.5.25"]
[Round "-"]
[White "jenyasm"]
[Black "jamdeg00"]
[Result "0-1"]
[WhiteElo "1603"]
[BlackElo "1231"]

1. e4 e5 2. Nf3 Nc6 3. Bb5 Qf6 4. d3 Qg6 5. g3 a6 6. Bc4 b5 7. Bd5 h5 8. Bg5 f6
9. Nh4 Qxg5 10. Nd2 Rb8 11. Ndf3 Qg4 12. h3 Qe6 13. Bxe6 dxe6 14. Ng6 Bb4+ 15.
c3 Rh6 16. Nfh4 Bc5 17. O-O Nge7 18. Nxe7 Nxe7 19. b4 Bb6 20. a4 Bd7 21. a5 Ba7
22. Rc1 g5 23. Ng2 g4 24. h4 Rd8 25. d4 Bc8 26. Rc2 Nc6 27. d5 f5 28. Rd2 Ne7
29. d6 cxd6 30. Rxd6 Rxd6 31. Qxd6 Bd7 32. exf5 Nxf5 33. Qxe5 Rh7 34. Qf6 Nxg3
35. Re1 Rf7 36. Qh8+ Ke7 37. Qxh5 Bc8 38. Qh8 Bd7 39. Qe5 Bxf2+ 40. Kh2 Bxe1 41.
Qxe1 Nf5 42. Qe5 g3+ 43. Kh3 Rf6 44. Qc5+ Ke8 45. Qa7 e5 46. Qb8+ Kf7 47. Qxe5
Rg6 48. Nf4 Ne3+ 0-1

[Event "AUTO-BEG-676"]
[Site "http://www.queenalice.com/game.php?id=1760861"]
[Date "2021.5.29"]
[Round "1"]
[White "juliobragatecbr"]
[Black "jamdeg00"]
[Result "1-0"]
[WhiteElo "1100"]
[BlackElo "1267"]

1. e4 e5 2. Nf3 Nc6 3. Bc4 a6 4. Nc3 b5 5. Bb3 Nh6 6. d4 Qe7 7. Bxh6 gxh6 8.
dxe5 Nxe5 9. Nxe5 Qxe5 10. O-O Bd6 11. g3 h5 12. Qf3 Be7 13. Qxf7+ Kd8 14. Nd5
Re8 15. Nxe7 Qxe7 16. Qxh5 Rf8 17. Rfe1 Bb7 18. c3 Bxe4 19. Bc2 d5 20. Bxe4 dxe4
21. Qd5+ Ke8 22. Rxe4 Rd8 23. Rxe7+ Kxe7 24. Re1+ Kf6 25. Qc6+ Kg7 26. Qxc7+ Kg8
27. Re7 Rd1+ 28. Kg2 Rd2 29. Rg7+ Kh8 30. Rxh7+ Kg8 31. Qg7# 1-0

[Event "AUTO-BEG-676"]
[Site "http://www.queenalice.com/game.php?id=1760862"]
[Date "2021.5.29"]
[Round "1"]
[White "jamdeg00"]
[Black "juliobragatecbr"]
[Result "0-1"]
[WhiteElo "1265"]
[BlackElo "1427"]

1. e4 e5 2. d3 Nf6 3. Nf3 Nc6 4. Bg5 Bc5 5. Bxf6 Qxf6 6. Nbd2 d6 7. c3 Bg4 8. h3
Bxf3 9. Nxf3 O-O-O 10. Qd2 h6 11. a4 Na5 12. b4 Bxb4 13. Rb1 Bc5 14. c4 Nc6 15.
Qb2 b6 16. h4 Bb4+ 17. Kd1 Bc5 18. g3 Qxf3+ 19. Kc2 Qxf2+ 20. Kc1 Qxg3 21. Bh3+
Kb8 22. h5 Be3+ 23. Kc2 Qf2+ 24. Kb3 Na5+ 25. Ka2 Qxb2+ 26. Rxb2 Bd4 27. Rg2
Rhg8 28. Rhg1 Bxg1 29. Rxg1 g5 30. Rf1 Rdf8 31. Rf6 g4 32. Bg2 Rh8 33. Bf1 Nc6
34. Be2 g3 35. Bf1 Rh7 36. c5 dxc5 37. Rxc6 f5 38. Bg2 f4 39. a5 f3 0-1

[Event "AUTO-BEG-676"]
[Site "http://www.queenalice.com/game.php?id=1760877"]
[Date "2021.5.29"]
[Round "1"]
[White "jamdeg00"]
[Black "Biagio"]
[Result "0-1"]
[WhiteElo "1267"]
[BlackElo "1404"]

1. e4 c6 2. Nc3 d5 3. Qe2 d4 4. Na4 e5 5. c3 b5 6. Nc5 Bxc5 7. Nf3 Nf6 8. Nxe5
O-O 9. c4 bxc4 10. Qxc4 Qe7 11. Nd3 Nxe4 12. f3 Nd6+ 13. Be2 Nxc4 14. Nf4 Bf5
15. g4 Bd7 16. b3 Ne5 17. d3 Nxf3+ 18. Kf2 Ne5 19. Rg1 Na6 20. a3 Qh4+ 21. Kf1
Bxg4 22. Ra2 Bxe2+ 23. Rxe2 Rfe8 24. Ng2 Qf6+ 25. Rf2 Qxf2+ 26. Kxf2 Nxd3+ 27.
Kf1 Nxc1 28. Nh4 d3 29. Rg2 Bxa3 30. Nf5 g6 31. h4 Bb4 32. h5 Re1+ 33. Kf2 Re2+
34. Kg3 Rxg2+ 35. Kxg2 gxf5 0-1

[Event "AUTO-BEG-676"]
[Site "http://www.queenalice.com/game.php?id=1760878"]
[Date "2021.5.29"]
[Round "1"]
[White "Biagio"]
[Black "jamdeg00"]
[Result "1-0"]
[WhiteElo "1234"]
[BlackElo "1285"]

1. d4 d6 2. Nf3 Nc6 3. Bf4 e5 4. dxe5 dxe5 5. Qxd8+ Kxd8 6. Nxe5 Bf5 7. Nxf7+
Ke8 8. Nxh8 Rd8 9. c3 b5 10. e3 b4 11. Bb5 Ne7 12. Nd2 Rd3 13. Bxd3 Bxd3 14.
Bxc7 g5 15. O-O-O Nd5 16. Bg3 Bg7 17. Nf3 Be4 18. Nxg5 Bxg2 19. Rhg1 Bxh8 20.
Rxg2 Nce7 21. c4 Nc7 22. Bxc7 h6 23. Rd8# 1-0

[Event "Invitation"]
[Site "http://www.queenalice.com/game.php?id=1761443"]
[Date "2021.6.5"]
[Round "-"]
[White "jamdeg00"]
[Black "jenyasm"]
[Result "0-1"]
[WhiteElo "1281"]
[BlackElo "1584"]

1. e4 e5 2. d4 exd4 3. Qxd4 Nc6 4. Qe3 Qe7 5. f4 d6 6. f5 Nf6 7. Nd2 d5 8. Bd3
dxe4 9. Nxe4 Bd7 10. h3 O-O-O 11. g4 Nxe4 12. Bxe4 f6 13. Bd2 h6 14. Rh2 b6 15.
Re2 Nb4 16. O-O-O Nxa2+ 17. Kb1 Nb4 18. Nf3 Nc6 19. Bc3 Ne5 20. Nxe5 fxe5 21.
Qd3 Bb5 22. Qxd8+ Qxd8 23. Rxd8+ Kxd8 24. Rd2+ Bd6 25. Bxe5 Re8 26. f6 Rxe5 27.
fxg7 Rg5 28. Rd5 Bc4 29. Rxg5 hxg5 30. Bh7 Bf4 31. b3 Be6 32. c4 c5 33. Kc2 Ke7
34. Kd3 Kf6 35. Ke4 Kxg7 36. Bf5 Kf6 37. Bxe6 Kxe6 38. h4 Bc1 39. h5 Bb2 40. h6
a6 41. Kd3 Kf6 42. Kc2 Bd4 0-1

[Event "Invitation"]
[Site "http://www.queenalice.com/game.php?id=1762670"]
[Date "2021.6.20"]
[Round "-"]
[White "jamdeg00"]
[Black "jenyasm"]
[Result "0-1"]
[WhiteElo "1282"]
[BlackElo "1596"]

1. e4 e5 2. d3 Nc6 3. Nf3 Bc5 4. a3 Nf6 5. Be3 Bxe3 6. fxe3 d6 7. Qd2 O-O 8. d4
Nxe4 9. Qd3 Nf6 10. Nc3 Re8 11. h3 exd4 12. Nd1 dxe3 13. Nxe3 d5 14. c3 a6 15.
a4 Be6 16. Ng5 g6 17. h4 Qd7 18. O-O-O Ng4 19. Nxg4 Bxg4 20. Nf3 Rad8 21. Be2
Bf5 22. Qd2 Na5 23. Nd4 c5 24. Nf3 Nb3# 0-1

[Event "Invitation"]
[Site "http://www.queenalice.com/game.php?id=1763934"]
[Date "2021.7.7"]
[Round "-"]
[White "jenyasm"]
[Black "jamdeg00"]
[Result "1-0"]
[WhiteElo "1596"]
[BlackElo "1279"]

1. e4 e5 2. Nf3 Nf6 3. Nc3 Bb4 4. d3 d5 5. Be2 d4 6. a3 Bxc3+ 7. bxc3 dxc3 8.
Nxe5 Qd4 9. Nf3 Qc5 10. O-O O-O 11. d4 Qa5 12. Bd3 b5 13. Be3 Bg4 14. d5 Nbd7
15. Bd4 Ne8 16. h3 Bxf3 17. Qxf3 f6 18. Qg4 1-0

[Event "AUTO-BEG-678"]
[Site "http://www.queenalice.com/game.php?id=1777175"]
[Date "2021.12.14"]
[Round "1"]
[White "jamdeg00"]
[Black "vasyl_puzanov"]
[Result "0-1"]
[WhiteElo "1266"]
[BlackElo "1292"]

1. e4 e5 2. Nf3 Nc6 3. Be2 Bc5 4. c3 d6 5. b4 Bb6 6. b5 Nce7 7. d4 exd4 8. cxd4
Ba5+ 9. Bd2 Bxd2+ 10. Nbxd2 Bd7 11. d5 Nf6 0-1

[Event "Challenge"]
[Site "http://www.queenalice.com/game.php?id=1782759"]
[Date "2022.2.13"]
[Round "-"]
[White "jamdeg00"]
[Black "TammieM3ENF"]
[Result "0-1"]
[WhiteElo "1295"]
[BlackElo "973"]

1. e4 e5 2. Nf3 h5 3. Nxe5 Bd6 4. Nc4 Bb4 5. c3 Bc5 6. d4 Bxd4 7. Qxd4 Rh7 8.
Nbd2 c6 9. Bd3 d5 10. exd5 cxd5 11. Ne3 g6 12. Nxd5 Be6 13. Qe5 a5 14. Ne4 Qxd5
0-1